LEADER 01729nam a2200313 u 4500 001 000000004844 003 CaOOAMICUS 005 20070226104709.0 008 940514s1990 it u000 u ita u 020 $a88-343-0289-3 035 $a10128270 040 $aBAV$bita 100 1 $aMigliori, Maurizio.$0(OLS)http://pul/name/5029 245 10$aDialettica e verità :$bcommentario filosofico al "Parmenide" di Platone /$cMaurizio Migliori ; prefazione di Hans Krämer ; introduzione di Giovanni Reale. 260 $aMilano :$bVita e pensiero,$cc1990. 300 $a564 p. ;$c22 cm 490 1 $aPubblicazioni del Centro di ricerche di metafisica.$aCollana Temi metafisici e problemi del pensiero antico ;$v12 504 $aBibliografia: p. 523-538. 600 04$aPlato,$d427-347 a.C.$tParmenides$xCritica e interpretazione.$0(OLS)http://pul/subject/4237 700 1 $aReale, Giovanni,$d1931-2014.$0(OLS)http://pul/name/667 700 1 $aKrämer, Hans.$0(OLS)http://pul/name/1241 710 2 $aUniversità cattolica del Sacro Cuore. Sede di Milano.$bCentro di ricerche di metafisica.$0(OLS)http://pul/name/668 830 0$aPubblicazioni del Centro di ricerche di metafisica.$pCollana Temi metafisici e problemi del pensiero antico ;$v12.$0(OLS)http://pul/title/828 850 $aPUL 852 $aPUL$W1$xSL Filosofia 2$y80$mPhil A10b 12$j6752$nBK-PRI$b $qStampati altre collocazioni$B6752$CPULBib$Z2$F6752 $H $81 941 1 $a10 996 $6020$a88-343-0289-3$9(OLS)http://pul/number/6230 996 $6245$aDialettica e verità :$bcommentario filosofico al "Parmenide" di Platone$9(OLS)http://pul/title/7015 996 $6260$aMilano :$bVita e pensiero$9(OLS)http://pul/publisher/48016 LEADER 01656nam a2200373 u 4500 001 000000130594 003 CaOOAMICUS 005 20160718123427.0 008 121002s2007 it u000 u ita r 020 $a978-88-08-16666-1 032 $aLibriCat 040 $aPUL$bita 082 04$a342.45 100 1 $aFinocchiaro, Francesco.$0(OLS)http://pul/name/27273 245 10$aDiritto ecclesiastico :$bedizione compatta /$cFrancesco Finocchiaro ; aggiornamento a cura di Andrea Bettetini e Gaetano Lo Castro. 250 $a2. ed. compatta. 260 $aBologna :$bZanichelli,$c©2007. 300 $aX, 373 p. ;$c24 cm. 500 $aContiene indice analitico. 650 4$aDiritto ecclesiastico.$0(OLS)http://pul/subject/6 700 1 $aBettetini, Andrea,$d1963-$0(OLS)http://pul/name/35127 700 1 $aLo Castro, Gaetano,$d1940-2024.$0(OLS)http://pul/name/3662 850 $aPUL 852 $aPUL$W1$xDP1 Fondo G. Barberini$y122$m3 B 40$j38425$b 2 copia$qFondi$B178661$CPULBib$Z2$F178661 $HBar1852 $82 852 $aPUL$W1$xDP2 Diritto e Scienze Sociali 3$y110$m342. 45 FINFR 2$j151030$bRist. del 2011$qDDC 21$B149722$CPULBib$Z2$F149722 $H120839 $81 941 1 $a9 941 1 $a1 960 $aDiritto e religione$96 960 $aDiritto e religione$96 996 $6020$a978-88-08-16666-1$9(OLS)http://pul/number/150661 996 $6082$a342.45$9(OLS)http://pul/classification/377 996 $6245$aDiritto ecclesiastico :$bedizione compatta$9(OLS)http://pul/title/192397 996 $6260$aBologna :$bZanichelli$9(OLS)http://pul/publisher/48255